| 000 | 01142nam a2200313 c 4500 | ||
|---|---|---|---|
| 003 | BLK | ||
| 005 | 20221014111037.0 | ||
| 008 | 180408b bul|||||r ||||||| ||bul|| | ||
| 010 | _aKNG00061590000 | ||
| 040 | _aBLK | ||
| 041 |
_aBUL _cBUL |
||
| 080 |
_aОрганизация и управление на селскостопанското производство. Земеделие. Градинарство _b631/635 _x(036) _z631/635(036) |
||
| 100 | 1 |
_aЛенков, Ленко Дончев _9287311 |
|
| 700 | 1 |
_aЛенков, Ленко Д. _eсъстав. _9369538 |
|
| 139 |
_aСправочник на агронома _bС59 |
||
| 245 | 1 | 0 |
_aСправочник на агронома _cЛенко Д. Ленков; състав. Ленко Д. Ленков. |
| 257 | _aBGR | ||
| 260 |
_аСофия _bЗемиздат _c1990 |
||
| 300 |
_a604 с. _c21 см |
||
| 380 | _a63 | ||
| 650 | 4 |
_aАгрономия _9146484 |
|
| 653 | _aагрономия | ||
| 653 | _aсправочници | ||
| 852 | _aЦб 163496 | ||
| 856 | 4 |
_qpdf _u |
|
| 856 | 4 |
_qpdf _u |
|
| 942 |
_cKNG _n0 _01 |
||
| 944 |
_aCR _c13.06.2004 _kЧиталня |
||
| 944 |
_aED _c24.09.2015 _k |
||
| 999 |
_c57584 _d57584 |
||